00484nam a22001817a 450000500170000001000150001702000260003203500140005803700130007208200130008510000200009824500380011825000060015626000350016227000780019730000210027550000060029620240220172614.0 aENG-139393 a9789388322492c499.00 aEN-122925 bDBAD/PUB a305.521 aKidwai, Rasheed aNeta Abhineta/cBy Rasheed Kidwai a1 aGurugrambHachette Indiac2022 bGurugrama4th & 5th Floor, Corporate Centre, Plot no-94,Sector-44e122003 a363p.b22cm(pbk) a